El juez y los derechos fundamentales : (Registro nro. 50013)

Detalles MARC
000 -LEADER
fixed length control field 01680nam a2200289 4500
001 - CONTROL NUMBER
control field 0000021751
003 - CONTROL NUMBER IDENTIFIER
control field CO-CtgCURN
005 - DATE AND TIME OF LATEST TRANSACTION
control field 20250828213537.0
008 - FIXED-LENGTH DATA ELEMENTS--GENERAL INFORMATION
fixed length control field 160627s2007 000 0 eng d
020 ## - INTERNATIONAL STANDARD BOOK NUMBER
International Standard Book Number 978958A331171
040 ## - CATALOGING SOURCE
Original cataloging agency CO-CtgCURN
Language of cataloging spa
Transcribing agency coctgcurn
082 0# - DEWEY DECIMAL CLASSIFICATION NUMBER
Classification number 347.001
Item number E18
111 2# - MAIN ENTRY--MEETING NAME
Meeting name or jurisdiction name as entry element Encuentro de la Jurisdicción Ordinaria
Location of meeting Santiago de Cali, Colombia :
Date of a work 2007 : Oct. 18-20 :
Number of part/section/meeting 10.
245 13 - TITLE STATEMENT
Title El juez y los derechos fundamentales :
Remainder of title memorias /
Statement of responsibility, etc. editor, German Gómez Rojas.
260 ## - PUBLICATION, DISTRIBUTION, ETC.
Place of publication, distribution, etc. [Bogotá] :
Name of publisher, distributor, etc. Corte Suprema de Justicia,
Date of publication, distribution, etc. 2007.
300 ## - PHYSICAL DESCRIPTION
Extent 373 p.
336 ## - CONTENT TYPE
Source rdacontent
337 ## - MEDIA TYPE
Source rdamedia
Media type term sin mediacion
Media type code n
338 ## - CARRIER TYPE
Source rdacarrier
Carrier type term volumen
Carrier type code nc
504 ## - BIBLIOGRAPHY, ETC. NOTE
Bibliography, etc. note Bibliografia (p. [353])
505 8# - FORMATTED CONTENTS NOTE
Formatted contents note El juez y los derechos fundamentales.--Política de seguridad democratica, justicia y garantias ciudadanas.--El Ministerio publico y los derechos fundamentales.--Exclusion de la prueba ilicita y protección de los derechos fundamentales.--La mujer y sus derechos fundamentales.--La responsabilidad social empresarial.--El proceso penal y los derechos fundamentales.--El derecho a la verdad.--Apoyo a la comision de verdad.--Colombia, derechos humanos y Administración de justicia en el contexto de la justicia transicional.--La dignidad humana como base de los derechos fundamentales en el trabajo.--Roles y desafios del Juez frente a los derechos fundamentales
650 #0 - SUBJECT ADDED ENTRY--TOPICAL TERM
Topical term or geographic name entry element Administración de justicia
General subdivision Congresos, conferencias, etc.
Geographic subdivision Colombia.
700 1# - ADDED ENTRY--PERSONAL NAME
Personal name Gómez Rojas, German.
908 ## - PUT COMMAND PARAMETER (RLIN)
Put command parameter 160627
942 ## - ADDED ENTRY ELEMENTS (KOHA)
Koha item type Libros
Classification part 347.001
Item part E18
Source of classification or shelving scheme Dewey Decimal Classification
999 ## - SYSTEM CONTROL NUMBERS (KOHA)
-- 1
Existencias
Withdrawn status Lost status Source of classification or shelving scheme Damaged status Not for loan Home library Current library Shelving location Date acquired Total checkouts Full call number Barcode Date last seen Price effective from Koha item type
    Dewey Decimal Classification     Miguel Henríquez Castañeda Miguel Henríquez Castañeda General 03/04/2019   347.001 E18 013590 03/04/2019 03/04/2019 Libros